Normal view
MARC view
Entry Topical Term
001 - CONTROL NUMBER
- control field: 157339
003 - CONTROL NUMBER IDENTIFIER
- control field: OSt
005 - DATE AND TIME OF LATEST TRANSACTION
- control field: 20220923211028.0
008 - FIXED-LENGTH DATA ELEMENTS
- fixed length control field: 220923|| aca||aabn | a|a d
040 ## - CATALOGING SOURCE
- Original cataloging agency: OSt
- Transcribing agency: OSt
150 ## - HEADING--TOPICAL TERM
- Topical term or geographic name entry element: संस्कृत साहित्य
670 ## - SOURCE DATA FOUND
- Source citation: Work cat.: (OSt)294167: मैक्डोनल, आर्थर एण्टनी; त्रिपाठी, रामसागर, अनु. 157338, संस्कृत साहित्य का इतिहास, 2013
